| 000 | 00844na a2200277 4500 | ||
|---|---|---|---|
| 001 | 14658 | ||
| 003 | MIRAKIL | ||
| 005 | 20181213155256.0 | ||
| 008 | 161025b tu 000 0 | ||
| 020 | _a9786053992745 | ||
| 035 | _a14658 | ||
| 040 |
_aMilas _btur _cTR-AnCHP |
||
| 041 | _atur | ||
| 082 |
_a307.1216 _bK35 2013 |
||
| 090 | _a307.1216 K35 2013 | ||
| 245 |
_aKentsel dönüşüm ve insan hakları _cSenem Zeybekoğlu Sadri...[ve öte.] |
||
| 260 |
_aİstanbul _bİstanbul Bilgi Üniversitesi Yayınları _c2013 |
||
| 300 |
_axv, 196 s. _c24 sm. |
||
| 490 |
_aİstanbul Bilgi Üniversitesi yayınları _v415 |
||
| 490 |
_aİnsan Hakları Hukuku Çalışmaları _v16 |
||
| 500 | _aDizin var | ||
| 650 |
_aKent planlama _zTürkiye |
||
| 650 | _aKentsel dönüşüm | ||
| 700 | _aSadri, Senem Zeybekoğlu | ||
| 942 |
_2ddc _cBKS |
||
| 999 |
_c9764 _d9764 |
||